| 000 | 01104cam a2200313 a 4500 | ||
|---|---|---|---|
| 999 |
_c16701 _d16701 |
||
| 001 | 14110375 | ||
| 003 | EG-ScBUE | ||
| 005 | 20210425101158.0 | ||
| 008 | 050916s2005 enkab f b 001 0 eng d | ||
| 020 | _a9780745627526 | ||
| 020 | _a0745627528 (pbk.) | ||
| 040 |
_aUKM _beng _erda _cUKM _dEG-ScBUE _dBAKER _dC#P _dDLC |
||
| 082 | 0 | 4 |
_a820.9003 _bSCO _222 |
| 100 | 1 |
_aScott-Warren, Jason, _eauthor. _929784 |
|
| 245 | 1 | 0 |
_aEarly modern English literature / _cJason Scott-Warren. |
| 264 | 1 |
_aCambridge, UK ; _aMalden, MA : _bPolity Press, _c2005. |
|
| 300 |
_avi, 325 pages : _billustrations, maps ; _c23 cm. |
||
| 336 |
_2rdacontent _atext _btxt |
||
| 337 |
_2rdamedia _aunmediated _bn |
||
| 338 |
_2rdacarrier _avolume _bnc |
||
| 490 | 0 | _aCultural history of literature | |
| 504 | _aIncludes bibliographical references and index. | ||
| 650 | 7 |
_aEnglish literature _yEarly modern, 1500-1700 _xHistory and criticism. _2BUEsh _929786 |
|
| 651 | _2BUEsh | ||
| 653 |
_cMay2012 _bHHUUEENN |
||
| 655 |
_vReading book _934232 |
||
| 942 |
_2ddc _cBB |
||